Sports Quiz

Random Sports or Soccer Quiz
Score 0/125 Timer 18:00
0 Plays Today
Goals Player % Correct
2Cristiano Ronaldo
92.9%
3Miroslav Klose
88%
4Gerd Müller
87.5%
4Dieter Müller
87.5%
2Michel Platini
83.2%
2Zinedine Zidane
82.6%
2Fernando Torres
82.1%
1David Trézéguet
79.3%
2Marco van Basten
78.8%
4Nuno Gomes
78.3%
1Thierry Henry
77.2%
3Patrick Kluivert
76.1%
1Jürgen Klinsmann
73.9%
2Milan Baroš
72.8%
2Mario Balotelli
71.7%
1Alan Shearer
70.7%
1Ruud Gullit
70.7%
1Xavi
69.6%
2Oliver Bierhoff
69%
2Angelos Charisteas
69%
1Andrei Arshavin
67.9%
1Michael Owen
67.4%
2Philipp Lahm
66.3%
2David Silva
66.3%
1Jan Koller
65.8%
1Ruud Van Nistelrooy
65.2%
2Bastian Schweinsteiger
64.1%
1Francesco Totti
63.6%
1Rui Costa
61.4%
1Davor Šuker
60.9%
1Frank Lampard
60.9%
1Dennis Bergkamp
59.8%
2Xabi Alonso
58.2%
1Mesut Özil
57.6%
1Sylvain Wiltord
57.1%
1Michael Ballack
56%
1Lothar Matthäus
55.4%
1Karel Poborský
53.8%
1Jordi Alba
53.8%
1Lajos Kű
52.7%
1Bobby Charlton
52.2%
2Hélder Postiga
51.6%
Goals Player % Correct
1Frank Rijkaard
51.6%
1Maniche
51.6%
1Roman Pavlyuchenko
51.6%
1Juan Mata
48.4%
1Sami Khedira
47.8%
1Filippo Inzaghi
46.7%
1Geoff Hurst
45.7%
1Ronald Koeman
44.6%
2Marc Overmars
42.4%
1Patrik Berger
42.4%
1Georgios Samaras
42.4%
1Traianos Dellas
41.8%
1Marco Reus
41.3%
1Matthias Sammer
41.3%
1John Jensen
40.8%
1Youri Djorkaeff
40.2%
1Savo Milošević
38.6%
2Henrik Larsen
38%
1Marco Delvecchio
38%
1Stefan Kuntz
36.4%
1Thomas Häßler
35.9%
1Tomas Brolin
35.9%
2Karl-Heinz Riedle
34.8%
1Daniel Güiza
33.7%
1Luigi Riva
30.4%
1Kennet Andersson
30.4%
1Semih Şentürk
29.3%
1Ivan Klasnić
28.3%
2Horst Hrubesch
26.6%
1Gaizka Mendieta
26.1%
1Kim Vilfort
25%
1Dimitris Salpingidis
23.9%
4Dragan Džajić
20.7%
1Bruno Bellone
15.8%
1Willy van de Kerkhof
15.8%
1Paul Van Himst
15.2%
3Valentin Ivanov
14.7%
3Viktor Ponedelnik
12.5%
1Dmitri Torbinski
12%
1Bernd Hölzenbein
12%
2Jean-François Domergue
11.4%
1Søren Lerby
9.8%
Goals Player % Correct
1Marcelino
9.8%
2Rui Jordão
8.7%
1Zdeněk Nehoda
8.7%
1Oleh Protasov
8.7%
2Ferenc Bene
8.2%
2Dražan Jerković
8.2%
1René Vandereycken
8.2%
1Anton Ondruš
8.2%
1Angelo Domenghini
8.2%
1Amancio
8.2%
1Pietro Anastasi
7.6%
2Ruud Geels
7.1%
1Jean Vincent
7.1%
1Uğur Boral
6.5%
1Herbert Wimmer
6.5%
1Francesco Graziani
6%
1Antonio Maceda
5.4%
2Jesús María Pereda
4.9%
2Milan Galić
4.9%
1Slava Metreveli
4.9%
1Raoul Lambert
3.8%
1Karol Dobiaš
3.8%
1Heinz Flohe
3.8%
2François Heutte
3.3%
1Ladislav Jurkemik
3.3%
1Maryan Wisnieski
3.3%
2Dezső Novák
2.7%
1František Veselý
2.7%
1Ján Švehlík
2.7%
1Josip Katalinski
2.7%
1Odilon Polleunis
2.2%
1Galimzyan Khusainov
2.2%
1Valery Voronin
2.2%
1Danilo Popivoda
2.2%
1Ladislav Pavlovič
1.6%
1Carl Bertelsen
1.6%
1Anatoli Konkov
1.6%
1Vlastimil Bubník
1.1%
1Hennadiy Lytovchenko
1.1%
1Ante Žanetić
1.1%
1Tomislav Knez
1.1%

You're not logged in!

Compare scores with friends on all Sporcle quizzes.
OR
Log In

Sporcle TV

Today on Sporcle TV


Watch our educational content, quiz creation guides, and fun videos on Sporcle TV.

Show Comments

Extras

Top Quizzes Today


Score Distribution

Paid Content

Your Account Isn't Verified!

In order to create a playlist on Sporcle, you need to verify the email address you used during registration. Go to your Sporcle Settings to finish the process.

Report this User

Report this user for behavior that violates our Community Guidelines.

Details: